Panduan Solat Sunat 2 (Record no. 163597)

MARC details
000 -LEADER
fixed length control field 00516njm a2200205 i 4500
001 - CONTROL NUMBER
control field C2-0282537
003 - CONTROL NUMBER IDENTIFIER
control field PPAK
005 - DATE AND TIME OF LATEST TRANSACTION
control field 20180729152339.0
008 - FIXED-LENGTH DATA ELEMENTS--GENERAL INFORMATION
fixed length control field 071010s2005 my |||| ||||| | may d
040 ## - CATALOGING SOURCE
Original cataloging agency PPAK
Language of cataloging eng
Transcribing agency PPAK
Description conventions rda
245 00 - TITLE STATEMENT
Title Panduan Solat Sunat 2
264 #1 - PRODUCTION, PUBLICATION, DISTRIBUTION, MANUFACTURE, AND COPYRIGHT NOTICE
Place of production, publication, distribution, manufacture Kuala Lumpur :
Name of producer, publisher, distributor, manufacturer Telaga Biru ,
Date of production, publication, distribution, manufacture, or copyright notice 2005
336 ## - CONTENT TYPE
Source rdacontent
Content type term text
337 ## - MEDIA TYPE
Source rdamedia
Media type term unmediated
338 ## - CARRIER TYPE
Source rdacarrier
Carrier type term volume
500 ## - GENERAL NOTE
General note CD 0602/07
650 10 - SUBJECT ADDED ENTRY--TOPICAL TERM
Topical term or geographic name entry element Prayer - Islam
700 ## - ADDED ENTRY--PERSONAL NAME
Relator term author
942 ## - ADDED ENTRY ELEMENTS (KOHA)
-- dc
Koha item type Book
Holdings
Withdrawn status Lost status Source of classification or shelving scheme Damaged status Not for loan Current library Shelving location Date acquired Source of acquisition Inventory number Full call number Barcode Date last seen Copy number Cost, replacement price Koha item type
    Dewey Decimal Classification   Not For Loan Perpustakaan Awam Sungai Petani Rujukan Dewasa 30/10/2007 Penerbitan PHD (M) Sdn. Bhd. 2007 R 297.3822 PAN A00160607 05/07/2018 0607/07 13.50 Compact Disc
    Dewey Decimal Classification   Not For Loan Perpustakaan Bandar Baharu Rujukan Dewasa 30/10/2007 Penerbitan PHD (M) Sdn. Bhd. 2007 R 297.3822 PAN A00160612 05/07/2018 0612/07 13.50 Compact Disc
    Dewey Decimal Classification   Not For Loan PD35, Kg. Sungai Daun, Yan Rujukan Dewasa 30/10/2007 Penerbitan PHD (M) Sdn. Bhd. 2007 R 297.3822 PAN A00160613 05/07/2018 0613/07 13.50 Compact Disc
    Dewey Decimal Classification   Not For Loan PD37, Kg. Belat, Pendang Rujukan Dewasa 30/10/2007 Penerbitan PHD (M) Sdn. Bhd. 2007 R 297.3822 PAN A00160615 05/07/2018 0615/07 13.50 Compact Disc